00349cam a22001217a 4500008004000000082001800040100001900058245006500077260002900142300001000171650002100181650002500202180718b1970 xxu||||| |||| 00| 0 eng d aB1243x54 H211 aHaq, Mushir U. aMuslim politics in modern India, 1857-1947cby Mushir U. Haq aMeerutbMeenaskshic1970 a171p. aIndia - Politics aMohammedans in India